Reverse engineering deals on wall street with microsoft excel , a step by step guide (Record no. 572429)

000 -LEADER
fixed length control field 00543nam a22001817a 4500
003 - CONTROL NUMBER IDENTIFIER
control field CEME
005 - DATE AND TIME OF LATEST TRANSACTION
control field 20210628203147.0
008 - FIXED-LENGTH DATA ELEMENTS--GENERAL INFORMATION
fixed length control field 210203b xxu||||| |||| 00| 0 eng d
020 ## - INTERNATIONAL STANDARD BOOK NUMBER
International Standard Book Number 9780470242056
040 ## - CATALOGING SOURCE
Transcribing agency .
082 ## - DEWEY DECIMAL CLASSIFICATION NUMBER
Classification number 338.8 ALL
100 ## - MAIN ENTRY--PERSONAL NAME
Personal name Allman, Keith A
9 (RLIN) 63687
245 ## - TITLE STATEMENT
Title Reverse engineering deals on wall street with microsoft excel , a step by step guide
260 ## - PUBLICATION, DISTRIBUTION, ETC.
Place of publication, distribution, etc. USA
Name of publisher, distributor, etc. JOHN WILEY
Date of publication, distribution, etc. 2009
300 ## - PHYSICAL DESCRIPTION
Extent XV, 201P
650 ## - SUBJECT ADDED ENTRY--TOPICAL TERM
Topical term or geographic name entry element 1- FINANCIAL ENGINEERING , 2- INVESTMENTS MATHEMATICAL MODELS
9 (RLIN) 63688
942 ## - ADDED ENTRY ELEMENTS (KOHA)
Koha item type Book
Source of classification or shelving scheme
Holdings
Withdrawn status Lost status Damaged status Not for loan Permanent Location Current Location Shelving location Date acquired Total Checkouts Full call number Barcode Date last seen Price effective from Koha item type
        College of Electrical & Mechanical Engineering (CEME) College of Electrical & Mechanical Engineering (CEME) General Stacks 07/25/2017   338.8 ALL CEME-45774 06/28/2021 06/28/2021 Book
© 2023 Central Library, National University of Sciences and Technology. All Rights Reserved.